El espacio de las pensiones privadas (Registro nro. 30647)
[ vista simple ]
| 000 -CABECERA | |
|---|---|
| Longitud fija campo de control | 01344naa a2200349 c 4500 |
| 001 - NÚMERO DE CONTROL | |
| Número de control | 30647 |
| 003 - IDENTIFICADOR DE NÚMERO DE CONTROL | |
| Identificador del número de control | ES-MaCES |
| 005 - FECHA Y HORA DE LA ÚLTIMA TRANSACCIÓN | |
| Fecha y hora de la última transacción | 20000211102400.0 |
| 008 - CAMPO FIJO DE DESCRIPCIÓN FIJA--INFORMACIÓN GENERAL | |
| Códigos de información de longitud fija | 980928n1998 sp ||| | spa d |
| 035 ## - NÚMERO DE CONTROL DEL SISTEMA | |
| Número de control del sistema | CES19980045986v |
| 040 ## - FUENTE DE CATALOGACIÓN | |
| Centro catalogador de origen | ES-MaCES |
| Lengua de catalogación | spa |
| Centro transcriptor | ES-MaCES |
| 100 1# - ENCABEZAMIENTO PRINCIPAL--NOMBRE PERSONAL | |
| Nombre de persona | García Murcia, Joaquín |
| 9 (RLIN) | 12994 |
| 245 13 - MENCIÓN DE TÍTULO | |
| Título | El espacio de las pensiones privadas |
| Mención de responsabilidad, etc. | Joaquín García Murcia |
| 500 ## - NOTA GENERAL | |
| Nota general | Parte central de la ponencia presentada en el IX Congreso Nacional de Derecho del Trabajo (Madrid, 29-30 mayo, 1998) |
| 504 ## - NOTA DE BIBLIOGRAFÍA, ETC. | |
| Nota de bibliografía, etc. | Bibliografía: p. 570-573 |
| 650 #4 - ASIENTO SECUNDARIO DE MATERIA--TÉRMINO DE MATERIA | |
| Término de materia o nombre geográfico como elemento inicial | conferencia |
| 9 (RLIN) | 27013 |
| 650 #4 - ASIENTO SECUNDARIO DE MATERIA--TÉRMINO DE MATERIA | |
| Término de materia o nombre geográfico como elemento inicial | Comunidades Autónomas |
| 9 (RLIN) | 30768 |
| 650 #4 - ASIENTO SECUNDARIO DE MATERIA--TÉRMINO DE MATERIA | |
| Término de materia o nombre geográfico como elemento inicial | España |
| 9 (RLIN) | 26964 |
| 650 #4 - ASIENTO SECUNDARIO DE MATERIA--TÉRMINO DE MATERIA | |
| Término de materia o nombre geográfico como elemento inicial | legislación |
| 9 (RLIN) | 27153 |
| 650 #4 - ASIENTO SECUNDARIO DE MATERIA--TÉRMINO DE MATERIA | |
| Término de materia o nombre geográfico como elemento inicial | seguridad social |
| 9 (RLIN) | 27034 |
| 650 #4 - ASIENTO SECUNDARIO DE MATERIA--TÉRMINO DE MATERIA | |
| Término de materia o nombre geográfico como elemento inicial | fondo de jubilaciones |
| 9 (RLIN) | 29816 |
| 650 #4 - ASIENTO SECUNDARIO DE MATERIA--TÉRMINO DE MATERIA | |
| Término de materia o nombre geográfico como elemento inicial | fondo de previsión |
| 9 (RLIN) | 29820 |
| 650 #4 - ASIENTO SECUNDARIO DE MATERIA--TÉRMINO DE MATERIA | |
| Término de materia o nombre geográfico como elemento inicial | seguro voluntario |
| 9 (RLIN) | 30268 |
| 650 #4 - ASIENTO SECUNDARIO DE MATERIA--TÉRMINO DE MATERIA | |
| Término de materia o nombre geográfico como elemento inicial | protección complementaria |
| 9 (RLIN) | 30466 |
| 650 #4 - ASIENTO SECUNDARIO DE MATERIA--TÉRMINO DE MATERIA | |
| Término de materia o nombre geográfico como elemento inicial | régimen privado de pensión |
| 9 (RLIN) | 30260 |
| 653 10 - TÉRMINO DE INDEXACIÓN--NO CONTROLADO | |
| Término no controlado | Seguridad Social |
| 711 2# - ENCABEZAMIENTO SECUNDARIO--NOMBRE DE REUNIÓN | |
| Nombre de congreso o nombre de jurisdicción como elemento inicial | Congreso Nacional de Derecho del Trabajo y de la Seguridad Social |
| Número del congreso o número de parte o sección de la obra | 9º |
| Fecha del congreso | 1998 |
| Sede del congreso | Madrid |
| 9 (RLIN) | 389 |
| 773 0# - ENTRADA DE DOCUMENTO FUENTE | |
| Título | Actualidad laboral |
| Parte(s) relacionada(s) | Las Rozas, Madrid. - 1998, n. 30 (27 jul.-2 ag.) ; p. 553-573 |
| Número de control del registro relacionado | (ES-MaCES)25022 |
| 902 ## - CES. TIPO DE DOCUMENTO | |
| Tipodoc (006$c Sirtex) | ART Artículo de revista |
| 942 ## - ELEMENTOS KOHA | |
| Fuente de clasificaión o esquema | Clasificación propia del CES |
| Koha [por defecto] tipo de item | Artículos (1982-2017) |
| Parte de clasificación | 3.0. |
No hay ítems disponibles.
